00231nam a2200097Ia 4500008004100000082001500041100002100056245002800077260002000105600000800125241002s9999 xx 000 0 und d a709.04 SCH aSchlenoff, Noman 0aArt in the Modern World aNew York:c1965 aArt